| 000 | 00893pam a2200277 a 4500 | ||
|---|---|---|---|
| 001 | 3825796 | ||
| 003 | ARRUPE | ||
| 005 | 20140220135354.0 | ||
| 008 | 860404s1986 caua b 001 0 eng | ||
| 010 | _a 86045030 | ||
| 020 |
_a0060692545 : _c$17.95 |
||
| 040 |
_aDLC _cDLC _dDLC |
||
| 043 |
_aaw----- _ae------ _aff----- |
||
| 050 | 0 | 0 |
_aBR166 _b.W34 1986 |
| 082 | 0 | 0 |
_a270.1 _219 |
| 100 | 1 |
_aWalsh, Michael J., _d1937- _98825 |
|
| 245 | 1 | 4 |
_aThe triumph of the meek : _bwhy early Christianity succeeded / _cMichael Walsh. |
| 250 | _a1st U.S. ed. | ||
| 260 |
_aSan Francisco : _bHarper & Row, _c1986. |
||
| 300 |
_a256 p. : _bill. (some col.) ; _c25 cm. |
||
| 500 | _aIncludes index. | ||
| 504 | _aBibliography: p. 250-252. | ||
| 650 | 0 |
_aChurch history _yPrimitive and early church, ca. 30-600. _98826 |
|
| 906 |
_a7 _bcbc _corignew _d1 _eocip _f19 _gy-gencatlg |
||
| 942 |
_2lcc _cMONOGRAPH |
||
| 999 |
_c120120 _d120120 |
||